000 00253nam a2200097Ia 4500
001 647604
005 20250826153705.0
008 250824s9999 xx 000 0 und d
245 0 _aBİZE GÖRE ANTİK
_cAHMET HAŞİM
260 _bANTİK DÜNYA KLASİKLERİ
999 _c647604
_d647604